Where hope takes root : (Record no. 589276)
[ view plain ]
| 000 -LEADER | |
|---|---|
| fixed length control field | 01318cam a2200361 a 4500 |
| 001 - CONTROL NUMBER | |
| control field | 16249544 |
| 003 - CONTROL NUMBER IDENTIFIER | |
| control field | NUST |
| 005 - DATE AND TIME OF LATEST TRANSACTION | |
| control field | 20220420140248.0 |
| 008 - FIXED-LENGTH DATA ELEMENTS--GENERAL INFORMATION | |
| fixed length control field | 100524s2008 bccac b 000 0deng |
| 010 ## - LIBRARY OF CONGRESS CONTROL NUMBER | |
| LC control number | 2010293685 |
| 016 ## - NATIONAL BIBLIOGRAPHIC AGENCY CONTROL NUMBER | |
| Record control number | 20089000471 |
| 020 ## - INTERNATIONAL STANDARD BOOK NUMBER | |
| International Standard Book Number | 9781553653660 |
| 020 ## - INTERNATIONAL STANDARD BOOK NUMBER | |
| International Standard Book Number | 1553653661 |
| 035 ## - SYSTEM CONTROL NUMBER | |
| System control number | (OCoLC)ocn187834672 |
| 038 ## - RECORD CONTENT LICENSOR | |
| Staff Name | waseem |
| 040 ## - CATALOGING SOURCE | |
| Original cataloging agency | NLC |
| Language of cataloging | eng |
| Transcribing agency | NLC |
| Modifying agency | BTCTA |
| -- | BAKER |
| -- | YDXCP |
| -- | CDX |
| -- | C#P |
| -- | BWX |
| -- | UBF |
| -- | DLC |
| 042 ## - AUTHENTICATION CODE | |
| Authentication code | lccopycat |
| 050 00 - LIBRARY OF CONGRESS CALL NUMBER | |
| Classification number | HM1271 |
| Item number | .A354 2008 |
| 082 04 - DEWEY DECIMAL CLASSIFICATION NUMBER | |
| Classification number | 321.8 |
| Author Mark | KHA |
| 100 0# - MAIN ENTRY--PERSONAL NAME | |
| Personal name | Aga Khan |
| Numeration | IV, |
| Dates associated with a name | 1936- |
| 9 (RLIN) | 91130 |
| 245 10 - TITLE STATEMENT | |
| Title | Where hope takes root : |
| Remainder of title | democracy and pluralism in an interdependent world / |
| Statement of responsibility, etc. | His Highness the Aga Khan ; introduction by Adrienne Clarkson. |
| 260 ## - PUBLICATION, DISTRIBUTION, ETC. | |
| Place of publication, distribution, etc. | Vancouver : |
| Name of publisher, distributor, etc. | Douglas & McIntyre, |
| Date of publication, distribution, etc. | c2008. |
| 300 ## - PHYSICAL DESCRIPTION | |
| Extent | 146 p. : |
| Other physical details | ill., ports. ; |
| Dimensions | 20 cm. |
| 504 ## - BIBLIOGRAPHY, ETC. NOTE | |
| Bibliography, etc. note | Includes bibliographical references. |
| 563 ## - BINDING INFORMATION | |
| Binding note | HBK. |
| 650 #0 - SUBJECT ADDED ENTRY--TOPICAL TERM | |
| Topical term or geographic name entry element | Democracy. |
| 9 (RLIN) | 12481 |
| 650 #0 - SUBJECT ADDED ENTRY--TOPICAL TERM | |
| Topical term or geographic name entry element | Cultural pluralism. |
| 9 (RLIN) | 91131 |
| 650 #0 - SUBJECT ADDED ENTRY--TOPICAL TERM | |
| Topical term or geographic name entry element | Civil society. |
| 9 (RLIN) | 28221 |
| 856 42 - ELECTRONIC LOCATION AND ACCESS | |
| Materials specified | Publisher description |
| Uniform Resource Identifier | <a href="http://www.loc.gov/catdir/enhancements/fy1413/2010293685-d.html">http://www.loc.gov/catdir/enhancements/fy1413/2010293685-d.html</a> |
| 906 ## - LOCAL DATA ELEMENT F, LDF (RLIN) | |
| a | 7 |
| b | cbc |
| c | copycat |
| d | 2 |
| e | ncip |
| f | 20 |
| g | y-gencatlg |
| 942 ## - ADDED ENTRY ELEMENTS (KOHA) | |
| Source of classification or shelving scheme | |
| Koha item type | Book |
| Withdrawn status | Lost status | Source of classification or shelving scheme | Damaged status | Not for loan | Permanent Location | Current Location | Shelving location | Date acquired | Source of acquisition | Total Checkouts | Full call number | Barcode | Date last seen | Price effective from | Koha item type |
|---|---|---|---|---|---|---|---|---|---|---|---|---|---|---|---|
| Central Library (CL) | Central Library (CL) | Political Science | 04/20/2022 | Donation | 321.8 KHA | CL-D-1694 | 09/13/2023 | 04/20/2022 | Book |
